Growth and Infrastructure Act 2013 (Record no. 114952)

MARC details
000 -LEADER
fixed length control field 01111cad a22001935a 4500
001 - CONTROL NUMBER
control field L157753
008 - FIXED-LENGTH DATA ELEMENTS--GENERAL INFORMATION
fixed length control field 130430s2013 xxk f 000 0 eng d
035 ## - SYSTEM CONTROL NUMBER
System control number (Sirsi) u157753
041 0# - LANGUAGE CODE
Language code of text/sound track or separate title eng
110 2# - MAIN ENTRY--CORPORATE NAME
Corporate name or jurisdiction name as entry element United Kingdom
Form subheading Laws, etc.
9 (RLIN) 5044
245 00 - TITLE STATEMENT
Title Growth and Infrastructure Act 2013
Medium [electronic resource]
260 ## - PUBLICATION, DISTRIBUTION, ETC.
Place of publication, distribution, etc. London
Name of publisher, distributor, etc. Legislation.gov.uk
Date of publication, distribution, etc. 2013
520 ## - SUMMARY, ETC.
Summary, etc. Introduces a series of practical measures to reduce red tape. These include the removal of a regulatory barrier to a £160m investment programme in the gas network; more flexibility with Section 106 agreements that could allow up to 75 000 homes which are currently stalled to be built. Also the reform of permitted development household rights will make the building of uncontentious, small-scale extensions easier while sure adjoining neighbours are consulted when the new rights are used.
590 ## - LOCAL NOTE (RLIN)
Local note KA
651 #4 - SUBJECT ADDED ENTRY--GEOGRAPHIC NAME
Geographic name United Kingdom
690 ## - LOCAL SUBJECT ADDED ENTRY--TOPICAL TERM (OCLC, RLIN)
Topical term or geographic name as entry element Infrastructure
9 (RLIN) 6246
856 40 - ELECTRONIC LOCATION AND ACCESS
Uniform Resource Identifier <a href="https://www.legislation.gov.uk/ukpga/2013/27/pdfs/ukpga_20130027_en.pdf">https://www.legislation.gov.uk/ukpga/2013/27/pdfs/ukpga_20130027_en.pdf</a>
Public note View the item free of charge at www.legislation.gov.uk
942 ## - ADDED ENTRY ELEMENTS (KOHA)
Suppress in OPAC 0
Holdings
Withdrawn status Lost status Source of classification or shelving scheme Damaged status Not for loan Home library Current library Shelving location Date acquired Total Checkouts Full call number Barcode Date last seen Copy number Price effective from Koha item type
    Dewey Decimal Classification     London London Online 30/04/2013   ONLINE PUBLCIATION 157753-1001 06/08/2019 1 06/08/2019 Book